[Event "18th Aeroflot Open-A 2020"]
[Site "Moscow"]
[Date "2020.02.20"]
[Round "2.23"]
[White "Smirin, Ilia"]
[Black "Raja Harshit"]
[Result "1/2-1/2"]
[WhiteElo "2615"]
[BlackElo "2472"]
[Annotator "TA"]
[PlyCount "48"]
[EventDate "2020.02.19"]
[EventType "swiss"]
[EventCountry "RUS"]
[SourceTitle "playchess.com"]
[Source "ChessBase"]
[SourceQuality "1"]

{[%evp 13,48,23,15,0,0,0,0,0,0,8,12,18,20,15,27,-27,24,-12,-15,-17,0,11,16,6,0,0,0,0,0,-29,0,0,0,0,0,0,0]} 1. e4 c5 2. Nf3 d6 3. d4 cxd4 4. Nxd4 Nf6 5. Nc3 a6 6. Be3 e5 7. Nf3 Be7 8. Nd2 {B90: Sicilian Najdorf: Unusual White 6th moves, 6 Be3 Ng4 and 6 Be3 e5.} b5 9. a4 {[%cal Ba2a4,Ba4a5][%mdl 32]} b4 10. Nd5 Nxd5 11. exd5 Nd7 12. a5 f5 13. Nc4 O-O 14. Ra4 {[#]} (14. Bd2 $142) 14... Rb8 $146 (14... f4 $142 15. Bb6 Qe8) ({Predecessor:} 14... f4 15. Bb6 Qe8 16. Rxb4 Nf6 17. Bc7 e4 18. Bxd6 e3 19. Be2 Bxd6 20. Nxd6 exf2+ {0-1 (26) Ilken,Z (2289)-Falatowicz,P (2386) ICCF email 2016}) 15. Bb6 Nxb6 16. Nxb6 Qc7 17. Rxb4 Qc5 $1 {[%cal Rc5b4]} 18. Ra4 {next Qd2 is good for White.} Bd8 19. b4 Qc3+ 20. Qd2 Qb2 $1 21. c3 Qb1+ 22. Qd1 {The position is equal.} Qe4+ 23. Qe2 Qb1+ 24. Qd1 Qe4+ {Not much happened in this game. Accuracy: White = 79%, Black = 85%.} 1/2-1/2

[Event "18th Aeroflot Open-A 2020"]
[Site "Moscow"]
[Date "2020.02.20"]
[Round "2.24"]
[White "Kobalia, Mikhail"]
[Black "Pogosyan, Stefan"]
[Result "1-0"]
[WhiteElo "2609"]
[BlackElo "2455"]
[Annotator "TA"]
[PlyCount "87"]
[EventDate "2020.02.19"]
[EventType "swiss"]
[EventCountry "RUS"]
[SourceTitle "playchess.com"]
[Source "ChessBase"]
[SourceQuality "1"]

{[%evp 19,87,16,33,23,40,25,45,12,37,40,66,66,64,71,106,70,70,59,59,57,80,31,127,138,131,134,128,118,135,135,129,127,142,133,143,134,131,73,65,58,118,110,120,118,125,112,101,79,147,25,22,11,45,43,83,0,90,0,81,75,145,135,466,459,434,374,552,543,1263,1268]} 1. e4 e5 2. Nf3 Nc6 3. Bb5 a6 4. Ba4 Nf6 5. O-O Be7 6. Re1 b5 7. Bb3 d6 8. a4 Bb7 9. d3 O-O 10. Nbd2 {[%cal Bb1d2,Bd2f1,Bf1g3][%mdl 32]} Re8 {10...Nd7 is becoming the main line.} 11. Nf1 {C88: Closed Ruy Lopez: Anti-Marshall Systems.} Bf8 12. Ng3 $5 {[%mdl 4] Leaves trodden paths.} g6 13. Ng5 {White is slightly better.} Re7 {[#]} 14. f4 $146 ({Predecessor:} 14. c3 h6 15. Nf3 Nb8 16. h3 Nbd7 17. Nh2 c5 18. Ng4 Kh7 19. Nxf6+ Nxf6 20. f4 {½-½ (64) Deuer,M (1961)-Bock,M (1596) Willingen 2019}) 14... Bg7 15. f5 d5 16. Be3 dxe4 17. N5xe4 (17. N3xe4 {looks sharper.} Nd4 18. fxg6 hxg6 19. Ba2 Bd5 20. Nxf6+ Bxf6 21. Ne4) 17... Nd4 18. Bg5 (18. Nxf6+ {feels hotter.} Bxf6 19. fxg6 hxg6 20. Ba2 bxa4 21. Rf1) 18... Nxb3 19. Bxf6 Bxe4 20. Nxe4 Bxf6 ({Better is} 20... Nxa1 $14 21. Bxg7 Nxc2 22. Qxc2 gxf5) 21. Nxf6+ $16 Kg7 22. cxb3 Kxf6 23. Rf1 gxf5 {[#]} 24. Qh5 $1 {[%cal Rh5h6][%mdl 576] Double Attack} Kg7 25. Qg5+ Kf8 26. Qxf5 {Threatens to win with axb5.} Qd4+ 27. Kh1 e4 28. dxe4 (28. Rf4 $142) 28... Qxe4 29. Qf6 {[%cal Rf6h8]} Qe5 (29... Qg6 $14) 30. Qc6 Rb8 31. Qxa6 bxa4 32. bxa4 Rxb2 33. a5 Re2 (33... Re6 $142 34. Qc4 (34. Qa8+ Kg7 $14) 34... Qe4 35. Qc5+ Kg7 36. Qc3+ {[%mdl 64] Double Attack} Qe5 37. Qxe5+ (37. Qf3 Rf6 $14) 37... Rxe5) 34. Qc8+ (34. Qa8+ $1 $16 Re8 35. Qf3 $1 {[%mdl 512]}) 34... Re8 $11 35. Qd7 {[%csl Gf1][%cal Rd7f7]} Re7 36. Qd8+ Re8 37. Qd7 {[%csl Gf1][%cal Rd7f7]} Re7 {[#]} 38. Qd8+ (38. Qd1 $1 $16 {Hoping for a6.} Re6 39. Qb3 (39. Qd8+ Kg7 $14)) 38... Kg7 (38... Re8 $1 $11 {remains equal.} 39. Qd1 Re6) 39. Qd3 $16 {a6 is the strong threat.} Re3 {[#]} (39... Re6 $142) 40. Qd1 $1 {Strongly threatening a6.} Re2 $2 {[%mdl 8192] This move loses the game for Black.} (40... c5 $16 41. a6 Ra7 42. Qg4+ Kh8 43. Qc8+ Kg7 44. Qg4+ Kh8 45. Qc8+ Kg7 46. Qg4+) 41. a6 $18 {aiming for a7.} Qe4 {[%csl Ge2][%cal Re4g2]} 42. Rg1 c5 (42... Re8 $142 43. a7 Ra8) 43. a7 Re8 {[#]} 44. a8=Q $1 {[%mdl 512] Accuracy: White = 77%, Black = 57%.} 1-0

[Event "18th Aeroflot Open-A 2020"]
[Site "Moscow"]
[Date "2020.02.20"]
[Round "2.25"]
[White "Abdumalik, Zhansaya"]
[Black "Svane, Rasmus"]
[Result "0-1"]
[WhiteElo "2471"]
[BlackElo "2608"]
[Annotator "TA"]
[PlyCount "96"]
[EventDate "2020.02.19"]
[EventType "swiss"]
[EventCountry "RUS"]
[SourceTitle "playchess.com"]
[Source "ChessBase"]
[SourceQuality "1"]

{[%evp 22,96,15,8,6,8,18,-15,-14,-27,-18,-25,-31,-37,-19,-16,0,-36,-31,-28,-29,-146,-136,-130,-141,-144,-139,-139,-131,-143,-146,-140,-154,-150,-136,-152,-139,-151,-145,-159,-97,-163,-162,-165,-163,-153,-112,-114,-108,-164,-161,-175,-159,-165,-165,-423,-422,-379,-391,-493,-486,-454,-454,-616,-256,-616,-607,-1064,-843,-1508,-1178,-1566,-1610,-1480,-1408,-1176,-1135]} 1. e4 e5 2. Nf3 Nc6 3. Bb5 a6 4. Ba4 Nf6 5. O-O Be7 6. Re1 b5 7. Bb3 O-O 8. a4 Bb7 9. d3 d6 10. c3 Na5 11. Bc2 c5 12. Nbd2 {[%cal Bb1d2,Bd2f1,Bf1g3][%mdl 32]} Re8 {C88: Closed Ruy Lopez: Anti-Marshall Systems.} 13. Nf1 b4 14. Ng3 Bf8 {The position is equal.} 15. d4 exd4 16. cxd4 cxd4 17. Nxd4 g6 18. Bg5 h6 19. Bf4 Rc8 20. b3 Qb6 {[#] Hoping for ...d5.} 21. Qd2 $146 {[#]} (21. Nf3 $11) ({Predecessor:} 21. Be3 d5 22. e5 Rxe5 23. Nf3 Rxe3 24. Rxe3 d4 25. Re1 Bxf3 26. gxf3 Nd5 27. Ne4 {0-1 (45) Leal,D (2323)-Fages,J (2150) ICCF email 2008}) 21... Rxc2 $1 {[%mdl 576] Remove Defender, Deflection} 22. Nxc2 (22. Qxc2 Qxd4) 22... Nxb3 {[%mdl 64] Double Attack} 23. a5 Qc5 24. Qxb4 Nxa1 ({But not} 24... Qxc2 25. Re2 $15) 25. Qxc5 dxc5 26. Rxa1 Nxe4 27. Ne3 g5 28. Bc7 Nxg3 29. hxg3 Be4 30. Rc1 Rc8 ({Better is} 30... Bd3 31. Rc3 {[#]} c4 $1 {[%mdl 512]} 32. Nxc4 Bxc4 33. Rxc4 Rc8) 31. Bb6 (31. Be5 $17) 31... Bd3 $19 32. Nd5 c4 33. Bd4 Ba3 34. Ra1 Bd6 35. g4 (35. Nf6+ $17 Kf8 36. Nd7+ Ke8 37. Nf6+ Kf8 38. Nd7+ Ke8 39. Nf6+ Kf8) 35... f5 36. gxf5 Bxf5 37. Bc3 Kf7 38. Nb4 $2 (38. Rd1 {is a better defense.}) 38... Bxb4 39. Bxb4 {[%mdl 4096] Endgame KRB-KRB} c3 {Threatens to win with ...c2.} 40. Rc1 c2 41. Kf1 Re8 42. g3 Bh3+ 43. Kg1 Re2 {Black is clearly winning.} 44. g4 Bxg4 45. Kg2 Re4 46. Bd2 Bd1 47. Ra1 Rd4 48. Be3 Rd3 {Accuracy: White = 50%, Black = 92%.} 0-1

[Event "18th Aeroflot Open-A 2020"]
[Site "Moscow"]
[Date "2020.02.20"]
[Round "2.26"]
[White "Praggnanandhaa R"]
[Black "Sreeshwan Maralakshikari"]
[Result "1-0"]
[WhiteElo "2602"]
[BlackElo "2440"]
[Annotator "TA"]
[PlyCount "71"]
[EventDate "2020.02.19"]
[EventType "swiss"]
[EventCountry "RUS"]
[SourceTitle "playchess.com"]
[Source "ChessBase"]
[SourceQuality "1"]

{[%evp 9,71,8,67,54,66,68,131,133,137,139,134,141,146,147,144,135,134,68,127,123,135,135,167,180,180,167,183,175,184,163,208,202,295,293,333,310,369,368,455,438,576,604,586,597,660,642,849,783,731,755,968,983,1089,1072,999,766,1024,991,1812,1804,29985,29986,29990,1385]} 1. e4 c6 2. Nc3 d5 3. Nf3 Nf6 4. e5 Ne4 5. Ne2 Bg4 (5... Qb6 $1 $11 6. d4 e6) 6. Nfg1 $14 {Black must now prevent f3. B11: Caro-Kann: Two Knights Variation.} Nc5 7. d4 Ncd7 (7... Ne6 $14) 8. f3 $16 {White is clearly better.} Bf5 9. g4 Be6 10. Nf4 c5 11. Nxe6 fxe6 12. c3 Nc6 13. f4 (13. Be3 $16) 13... g5 (13... cxd4 $14 14. cxd4 Qb6) 14. Nf3 (14. fxg5 $6 cxd4 15. cxd4 Qb6 $11) 14... gxf4 15. Bxf4 cxd4 16. cxd4 Bg7 17. Qd2 O-O 18. Be2 $1 ({Not} 18. Ng5 Rxf4 $1 {[%mdl 512]} 19. Qxf4 Qa5+ 20. Qd2 (20. Kf2 $2 Rf8 $19) 20... Qxd2+ 21. Kxd2 Nxd4 $17) 18... Qb6 19. Be3 Rac8 {intending ...Nb4.} 20. O-O Nb4 (20... Qb4 $142) 21. Bd1 $18 Rf7 ({But not} 21... Qb5 22. a3 $18) 22. Kg2 Nf8 23. h4 Ng6 24. h5 Nh8 25. a3 Nc6 {Now ...Na5 and Black clings on.} 26. b4 a5 27. Bc2 Bf8 28. Kh3 axb4 29. Ng5 {[%mdl 64] Double Attack, Discovered Attack} Rg7 30. Nxe6 b3 31. Bf5 Rf7 32. Ng5 Rxf5 33. gxf5 Na5 34. f6 Nf7 35. Qg2 Rc3 36. Ne4+ {Accuracy: White = 93%, Black = 36%.} (36. fxe7 $142 Rxe3+ {[#]} 37. Kh2 $1 {[%mdl 512]} Re2 38. e8=Q Rxg2+ 39. Kxg2 Qh6 40. Qxf7+ Kh8 41. Qxf8+ Qxf8 42. Rxf8+ Kg7 43. Ne6+ Kh6 44. Rh1 Nc6 45. Rf6#) 1-0

[Event "18th Aeroflot Open-A 2020"]
[Site "Moscow"]
[Date "2020.02.20"]
[Round "2.27"]
[White "Gokerkan, Cem Kaan"]
[Black "Basso, Pier Luigi"]
[Result "1/2-1/2"]
[WhiteElo "2461"]
[BlackElo "2600"]
[Annotator "TA"]
[PlyCount "46"]
[EventDate "2020.02.19"]
[EventType "swiss"]
[EventCountry "RUS"]
[SourceTitle "playchess.com"]
[Source "ChessBase"]
[SourceQuality "1"]

{[%evp 16,46,29,13,31,20,23,22,27,29,41,36,41,17,27,25,34,0,44,28,33,15,37,29,37,37,37,37,40,0,25,0,35]} 1. e4 e5 2. Nf3 Nc6 3. Nc3 Nf6 4. a3 d6 5. d4 exd4 6. Nxd4 Nxd4 7. Qxd4 Be7 8. Bc4 O-O 9. O-O Re8 {C50: Hungarian Defence and Giuoco Pianissimo.} 10. Bf4 {[#]} Ng4 $146 ({Predecessor:} 10... a6 11. Rfe1 b5 12. Ba2 Bb7 13. Rad1 Nd7 14. Nd5 Bf6 15. Nxf6+ Qxf6 16. Qxf6 Nxf6 {0-1 (60) Ngo,N-Vo T Hong,P Hue 2003}) 11. Nd5 Bf8 12. Rad1 Ne5 13. Bb3 c6 14. Nc3 {[#] Bxe5 is the strong threat.} Qa5 15. Bg3 b5 16. f4 Nd7 17. Kh1 Qb6 18. Qxb6 axb6 19. f5 Ne5 20. h3 Ra7 21. Bf2 Nd7 22. Bg3 Ne5 23. Bf2 Nd7 {Accuracy: White = 93%, Black = 100%.} 1/2-1/2

[Event "18th Aeroflot Open-A 2020"]
[Site "Moscow"]
[Date "2020.02.20"]
[Round "2.28"]
[White "Krishna C R G"]
[Black "Puranik, Abhimanyu"]
[Result "0-1"]
[WhiteElo "2443"]
[BlackElo "2597"]
[Annotator "TA"]
[PlyCount "106"]
[EventDate "2020.02.19"]
[EventType "swiss"]
[EventCountry "RUS"]
[SourceTitle "playchess.com"]
[Source "ChessBase"]
[SourceQuality "1"]

{[%evp 17,106,16,8,8,8,8,23,11,17,13,16,16,33,0,5,-8,1,0,0,0,0,0,6,0,60,51,52,-7,0,0,0,0,0,0,0,0,0,-26,-33,-25,-13,-18,-19,-16,-24,-47,-17,-72,-66,-68,-81,-82,-59,-52,-52,-69,-68,-61,-67,-64,-67,-92,-93,-88,-75,-75,-76,-89,-89,-89,-89,-123,-125,-122,-126,-133,-132,-139,-133,-282,-273,-268,-277,-268,-260,-215,-145,-397,-381,-410,-397]} 1. Nf3 Nf6 2. g3 g6 3. Bg2 Bg7 4. O-O O-O 5. c4 c5 6. d4 cxd4 7. Nxd4 Nc6 8. Nc3 {[%cal Bb1c3,Bc3d5,Bd5f4][%mdl 32]} Qa5 $1 {[%mdl 4] outshines the older 8...Nxd4. Played by David Navara in January 2020.} 9. Nb3 Qh5 10. Nd5 {A39: Symmetrical English vs ...g6: 4 Bg2 Bg7 5 Nf3 Nf6 6 0-0 0-0 7 d4.} d6 11. Nf4 Qf5 12. Re1 {White has an edge.} Qd7 13. Bd2 b6 14. Bc3 e6 {[#]} 15. Nd2 $146 (15. Nd4 $5 {[%cal Rg2c6]} Bb7 16. Nxc6 Bxc6 17. e4 $11) ({Predecessor:} 15. Qc2 Bb7 16. Rad1 Qc7 17. Nd2 Ne5 18. Bxb7 Qxb7 19. Nd3 Qc7 20. Nxe5 dxe5 21. b3 {1-0 (51) Delchev,A (2604)-Congiu,M (2301) Linares 2015}) 15... Bb7 16. Qa4 Rac8 17. Rad1 Qc7 18. b3 Rfd8 19. Qa3 a6 20. Qb2 e5 (20... Ne5 $11) 21. Nd5 $14 Nxd5 22. Bxd5 (22. cxd5 $14 Nd4 23. Rc1) 22... b5 {And now ...b4 would win.} 23. Ne4 Nd4 24. Qd2 {next Ba5 is good for White.} Bxd5 25. cxd5 Qb7 26. Bxd4 exd4 27. Ng5 (27. Qf4 $5 {[%cal Re4d6]} Qe7 28. e3 $11) 27... Bh6 $36 {[%mdl 2048] Strongly threatening ...f6. Black fights for an advantage.} 28. Qf4 Qxd5 29. h4 Bg7 30. e4 Qb7 31. Nf3 Rc2 32. Rd2 (32. h5 $1 $11 {remains equal.}) 32... Rxd2 $17 33. Qxd2 Re8 34. Qd3 h5 35. Re2 Qb6 36. Rd2 {[%cal Rf3d4]} Qc6 37. Nxd4 Bxd4 38. Qxd4 Rxe4 $15 {[%mdl 4096] Endgame ( -> ...Re1+). KQR-KQR} 39. Qd5 {White is now going downhill.} Re1+ 40. Kg2 Rc1 41. Qxc6 Rxc6 $17 {KR-KR} 42. f3 Kf8 43. g4 Ke7 44. Kg3 {[#]} Rc5 $1 45. Kf4 f6 46. Re2+ Re5 47. Rc2 Kd7 48. Rg2 (48. Kg3 $17) 48... g5+ $19 49. Kg3 gxh4+ 50. Kxh4 hxg4 51. fxg4 d5 52. Rf2 $2 {[%mdl 8192] [#]} (52. Kg3 $17) 52... Ke6 $1 53. Kg3 d4 {Accuracy: White = 70%, Black = 93%.} 0-1

[Event "18th Aeroflot Open-A 2020"]
[Site "Moscow"]
[Date "2020.02.20"]
[Round "2.29"]
[White "Salgado Lopez, Ivan"]
[Black "Lazavik, Denis"]
[Result "1/2-1/2"]
[WhiteElo "2597"]
[BlackElo "2428"]
[Annotator "TA"]
[PlyCount "59"]
[EventDate "2020.02.19"]
[EventType "swiss"]
[EventCountry "RUS"]
[SourceTitle "playchess.com"]
[Source "ChessBase"]
[SourceQuality "1"]

{[%evp 11,59,8,16,18,25,11,14,17,24,23,25,26,35,23,33,20,13,15,24,8,13,7,15,0,0,0,0,0,0,-14,0,-9,-9,-9,-16,-16,0,-18,0,-18,0,0,37,37,30,25,24,-20,-12,-32]} 1. e4 e5 2. Bc4 Nf6 3. d3 Bc5 4. Nf3 Nc6 5. c3 d6 6. Nbd2 a6 7. a4 {C54: Giuoco Piano: 4 c3 Nf6, main lines with 5 d4 and 5 d3.} h6 8. b4 Ba7 9. O-O O-O 10. h3 Be6 11. Bxe6 fxe6 12. Re1 Nh5 13. Nf1 Qf6 14. Ra2 Nf4 {...Nxh3+! is the strong threat.} 15. Bxf4 Qxf4 {[#]} 16. N1h2 $146 ({Predecessor:} 16. Ne3 Ne7 17. Nh2 Qf7 18. g3 Rad8 19. Kg2 d5 20. Neg4 Ng6 21. Nf3 c5 22. bxc5 {½-½ (44) Vachier Lagrave,M (2780)-Kramnik,V (2753) Moscow 2019}) 16... Ne7 17. Kh1 Qf6 18. g3 Rf7 19. Kg2 Raf8 20. Rf1 g5 21. Rb2 Qg6 22. a5 Nc6 {[%cal Be7c6,Bc6d8,Bd8f7][%mdl 32]} 23. Qb3 Rf6 24. Ng1 h5 25. Qd1 Nd8 26. Ngf3 Nf7 ({Much worse is} 26... g4 $6 27. hxg4 hxg4 28. Nh4 $16) 27. b5 $1 axb5 28. Rxb5 b6 29. axb6 Bxb6 30. Rb2 {Accuracy: White = 95%, Black = 95%.} 1/2-1/2

[Event "18th Aeroflot Open-A 2020"]
[Site "Moscow"]
[Date "2020.02.20"]
[Round "2.30"]
[White "Nikitenko, Mihail"]
[Black "Aleksandrov, Aleksej"]
[Result "0-1"]
[WhiteElo "2440"]
[BlackElo "2592"]
[Annotator "TA"]
[PlyCount "126"]
[EventDate "2020.02.19"]
[EventType "swiss"]
[EventCountry "RUS"]
[SourceTitle "playchess.com"]
[Source "ChessBase"]
[SourceQuality "1"]

{[%evp 10,126,-3,-14,6,-11,-19,-10,0,-22,-21,-25,-30,-20,-21,-23,-31,-24,-23,-14,-21,-11,-28,-25,-9,-36,0,-27,-35,-40,-29,-59,-57,-52,-47,-47,-52,-64,-29,-108,-92,-79,-86,-147,-152,-149,-95,-95,-95,-95,0,-53,0,-95,-94,-94,-94,-250,-256,-239,-167,-256,-242,-242,-242,-235,-185,-189,-172,-151,0,-162,-154,-162,-142,-247,-248,-233,-8,-256,-248,-248,-248,-245,-223,-235,-248,-303,-303,-256,-301,-285,-291,-252,-249,-254,-238,-219,-219,-406,-381,-29958,-29960,-29958,-29960,-29972,-29969,-29972,-29975,-29975,-29976,-29976,-29977,-29977,-29978,-29977,-29979,-29978,-29979]} 1. d4 Nf6 2. Bg5 d5 3. Bxf6 exf6 4. e3 c6 5. Bd3 Bd6 6. Nd2 Be6 {D00: 1 d4 d5: Unusual lines.} 7. Qf3 g6 $5 {[%mdl 4] A promising side line.} 8. Ne2 f5 {The position is equal.} 9. h3 Nd7 {[#]} 10. g4 $146 ({Predecessor:} 10. Nf4 Qb6 11. Rb1 O-O-O 12. O-O Bb8 13. c4 Qc7 14. Rfc1 Nf6 15. b4 Ne4 16. Nb3 dxc4 17. Bxc4 Bxc4 18. Rxc4 {0-1 (35) Ho,E (1914)-Stojanovic,M (2112) Khanty-Mansiysk 2010}) 10... fxg4 11. hxg4 Qg5 12. Rg1 h5 13. gxh5 Qxh5 14. Nf4 Qxf3 15. Nxf3 Bxf4 16. exf4 Nf6 17. Ng5 Bd7 18. Ke2 Kf8 $36 {[%mdl 2048] Black has the initiative.} 19. Kf3 Re8 20. a4 a5 21. c3 Re7 22. b4 axb4 23. cxb4 Ng8 {White must now prevent ...f6.} 24. Rh1 (24. f5 $1 $11) 24... Rxh1 $1 $17 25. Rxh1 f6 $1 {[%cal Rf6g5]} 26. Bxg6 (26. Nh3 $142) 26... fxg5 27. fxg5 Rg7 (27... Kg7 $142 $1 {[%cal Rg7g6]} 28. Bb1 Rf7+ 29. Kg3 Ne7 30. Rh7+ Kg8 31. Rxf7 Kxf7) 28. Rh7 Ne7 29. Rh8+ Ng8 30. Rh7 Ne7 (30... Bh3 $5 {[%cal Rg7g6]} 31. Rxg7 Kxg7 $17) 31. Rh8+ Rg8 $1 {[%cal Rg8h8]} 32. Rxg8+ Kxg8 33. Bd3 $2 (33. Bh5 $17 {was the only chance.}) 33... Bf5 $19 34. Bf1 Kf7 35. a5 (35. Kf4 {is a better defense.}) 35... Ke6 36. Kf4 Kd6 37. Be2 Bc2 38. Bg4 Bb1 39. Bh3 Bc2 40. Bg4 Ng6+ 41. Kg3 Kc7 42. Bh5 (42. Be6 $17) 42... Bf5 43. Bg4 {[#]} Ne7 $2 (43... Bd7 $1 $19 {Threatens to win with ...Ne7.} 44. Bh5 Nf8) 44. Bh5 $2 (44. Bxf5 $1 $11 {and White has nothing to worry.} Nxf5+ 45. Kg4 Nxd4 46. g6) 44... Kd6 45. Kf4 Ke6 46. Be2 Ng6+ 47. Kg3 Ke7 48. Bf1 Nf8 49. Kf4 Bd7 50. Ke3 Ne6 51. f4 Ng7 52. Kd2 Nh5 53. Ke3 Ng3 54. Bd3 $2 (54. Bg2) 54... Nf5+ 55. Bxf5 $2 (55. Ke2 $19) 55... Bxf5 {[%mdl 4096] Endgame KB-KP. Black mates.} 56. Kd2 Kf7 57. Kc3 Kg6 58. b5 cxb5 59. Kb4 Bd7 60. Kc5 {[#]} Bc6 $1 61. Kb4 Kf5 62. Kc5 Be8 63. Kxd5 Kxf4 {Accuracy: White = 60%, Black = 84%.} 0-1

[Event "18th Aeroflot Open-A 2020"]
[Site "Moscow"]
[Date "2020.02.20"]
[Round "2.31"]
[White "Aditya Mittal"]
[Black "Shimanov, Aleksandr"]
[Result "1/2-1/2"]
[WhiteElo "2427"]
[BlackElo "2587"]
[Annotator "TA"]
[PlyCount "69"]
[EventDate "2020.02.19"]
[EventType "swiss"]
[EventCountry "RUS"]
[SourceTitle "playchess.com"]
[Source "ChessBase"]
[SourceQuality "1"]

{[%evp 11,69,0,8,-1,17,25,16,-20,0,0,0,-5,-8,-4,0,0,0,0,-9,-5,14,0,11,0,19,16,14,12,15,11,10,0,52,47,28,38,37,34,49,18,17,14,31,37,59,59,64,57,81,27,32,21,21,7,22,19,10,0,0,0]} 1. Nf3 g6 2. g3 Bg7 3. Bg2 c5 4. c4 Nc6 5. O-O e6 6. Nc3 Nge7 7. e3 {A37: Symmetrical English vs ...g6: 4 Bg2 Bg7 5 Nf3.} d5 8. d4 cxd4 9. Nxd4 Nxd4 10. exd4 dxc4 11. Qa4+ Bd7 12. Qxc4 Bc6 13. Bxc6+ bxc6 14. Rd1 Qa5 15. Bf4 Rd8 16. Ne4 $36 {[%mdl 2048] Black is under pressure.} Qd5 17. Qxd5 Nxd5 18. Nd6+ Ke7 19. Nb7 $1 Ra8 20. Bd6+ Kd7 21. Be5 Bf6 (21... f6 $11 22. Bd6 a5) 22. Rac1 Rhc8 23. Nc5+ Ke8 24. Bxf6 Nxf6 25. b3 a5 26. Rc4 Nd7 27. Ne4 {[#] Threatens to win with Nd6+.} Ke7 28. Rdc1 Ra6 29. Kg2 Nf6 30. Nxf6 (30. Nc5 $16 Rb6 31. Nd3) 30... Kxf6 $11 31. Ra4 Rb8 {The position is equal.} 32. Rc5 Rb5 33. f4 Ke7 34. Rac4 Rbb6 35. Ra4 {Accuracy: White = 92%, Black = 95%.} 1/2-1/2

[Event "18th Aeroflot Open-A 2020"]
[Site "Moscow"]
[Date "2020.02.20"]
[Round "2.32"]
[White "Zarubitski, Viachaslau"]
[Black "Petrosyan, Manuel"]
[Result "0-1"]
[WhiteElo "2432"]
[BlackElo "2590"]
[Annotator "TA"]
[PlyCount "68"]
[EventDate "2020.02.19"]
[EventType "swiss"]
[EventCountry "RUS"]
[SourceTitle "playchess.com"]
[Source "ChessBase"]
[SourceQuality "1"]

{[%evp 11,68,0,8,12,13,-2,10,-16,-7,-27,-22,-17,0,-16,-5,-25,-14,-70,-70,-70,-76,-95,-108,-104,-106,-116,-110,-102,-107,-105,-101,-118,-119,-255,-254,-254,-243,-267,-266,-265,-253,-298,-293,-281,-257,-266,-240,-258,-248,-276,-271,-274,-265,-275,-264,-268,-264,-276,-259]} 1. e4 c5 2. Nf3 d6 3. Bb5+ Nd7 4. d4 cxd4 5. Qxd4 a6 6. Bxd7+ Bxd7 7. c4 {B51: Sicilian: Moscow Variation (3 Bb5+) without 3...Bd7.} Nf6 8. Nc3 g6 9. b3 {The position is equal.} Bg7 10. Bb2 O-O 11. O-O Bc6 12. Nd5 {[#]} b5 $146 ({Predecessor:} 12... Bxd5 13. exd5 Rc8 14. Qh4 Re8 15. Ng5 h6 16. Nf3 Qd7 17. Rfe1 b5 18. Rac1 bxc4 19. bxc4 {0-1 (42) Gritsayeva,O (2378)-Dordzhieva,D (2340) St Petersburg 2018}) 13. Rfc1 (13. Rfd1 {looks sharper.} Rc8 14. Rac1 bxc4 15. bxc4 Re8 16. Qd3) 13... bxc4 14. Qxc4 ({White should play} 14. bxc4 $11 e5 15. Qe3) 14... Bxd5 $1 $15 15. exd5 Qa5 $1 16. Bxf6 Bxf6 17. b4 Qa4 18. Nd4 Rfb8 19. Rab1 Bxd4 $1 20. Qxd4 a5 {[%cal Rb8b4]} 21. Qe3 Rxb4 ({But not} 21... axb4 22. Qxe7 Qxa2 23. Qxd6 $11) 22. Qxe7 (22. a3 $17 {might work better.} Rxb1 23. Rxb1) 22... Qxa2 $19 23. Ra1 Qxd5 24. Rd1 Rd4 25. Re1 Kg7 26. h4 h5 27. Ra3 Rg4 {[%csl Gg4][%cal Rd5g2] [#]} 28. g3 Rb4 29. Qc7 Rc4 30. Qb6 a4 {Black has a decisive advantage.} 31. Qb2+ Qd4 32. Qxd4+ Rxd4 33. Re7 Kf6 34. Rb7 Ra5 {White got outplayed after the opening. Accuracy: White = 77%, Black = 100%.} 0-1